|
|
|
|
| LEADER |
00930nab a2200265 i 4500 |
| 001 |
publ29679 |
| 005 |
20240226102636.0 |
| 008 |
240226s2024 hu o 0|| eng d |
| 022 |
|
|
|a 0195-6698
|
| 024 |
7 |
|
|a 10.1016/j.ejc.2023.103884
|2 doi
|
| 024 |
7 |
|
|a 34220786
|2 mtmt
|
| 040 |
|
|
|a SZTE Publicatio Repozitórium
|b hun
|
| 041 |
|
|
|a eng
|
| 100 |
1 |
|
|a Ambrus Gergely
|
| 245 |
1 |
3 |
|a On Helly numbers of exponential lattices
|h [elektronikus dokumentum] /
|c Ambrus Gergely
|
| 260 |
|
|
|c 2024
|
| 300 |
|
|
|a 17
|
| 490 |
0 |
|
|a EUROPEAN JOURNAL OF COMBINATORICS
|v 116
|
| 650 |
|
4 |
|a Matematika
|
| 700 |
0 |
1 |
|a Balko Martin
|e aut
|
| 700 |
0 |
1 |
|a Frankl Nóra
|e aut
|
| 700 |
0 |
1 |
|a Jung Attila
|e aut
|
| 700 |
0 |
1 |
|a Naszódi Márton
|e aut
|
| 856 |
4 |
0 |
|u http://publicatio.bibl.u-szeged.hu/29679/1/On_Helly_numbers_of_exponential_lattices.pdf
|z Dokumentum-elérés
|
| 856 |
4 |
0 |
|u http://publicatio.bibl.u-szeged.hu/29679/3/34220786_megjelent.pdf
|z Dokumentum-elérés
|